00330nam a2200121Ia 4500008004100000041001200041082002400053100005200077245003300129260002500162300001000187650001100197231217s9999 xx 000 0 und d aEnglish a001.64404 MOB;1 R aMobily, Tony Sharma, Kapil weinstein, Paul etc. 0aProfessional apache security c2003bShroffaMumbai ax+361 aapache